[Event "SWE-ch Masters"]
[Site "Uppsala"]
[Date "2022.07.05"]
[Round "4"]
[White "Jogstad, Daniel"]
[Black "Hammarstrom, Ulf"]
[Result "1-0"]
[WhiteElo "2057"]
[BlackElo "2233"]
[PlyCount "75"]
[EventDate "2022.07.02"]
[EventType "swiss"]
[EventRounds "9"]
[EventCountry "SWE"]
[SourceTitle "EXT 2024"]
[Source "ChessBase"]
[SourceDate "2023.10.10"]
[SourceVersion "1"]
[SourceVersionDate "2023.10.10"]
[SourceQuality "1"]

1. e4 e5 2. Nf3 Nc6 3. Bc4 Nf6 4. d3 Bc5 5. c3 0-0 6. 0-0 d5 7. exd5 Nxd5 8. Nbd2 Nb6 9. Bb3 Qxd3 10. Bc2 Qd8 11. Qe2 Bd6 12. Ne4 Bg4 13. Neg5 g6 14. h3 Bxf3 15. Qxf3 Qe7 16. Re1 Kg7 17. Qg3 h6 18. Ne4 f5 19. Nxd6 cxd6 20. a4 Rae8 21. a5 Nd7 22. a6 b6 23. b4 e4 24. c4 Kh7 25. Ba3 Nd4 26. Ba4 Rd8 27. Rad1 Qe5 28. Qe3 Ne6 29. Rd5 f4 30. Qxe4 Qxe4 31. Rxe4 Ng7 32. Rxd6 Nf6 33. Rxd8 Rxd8 34. Re7 Nfh5 35. Rxa7 Rd2 36. Rd7 Ra2 37. a7 Re2 38. Rd1 1-0

[Event "Sundsvall op"]
[Site "Sundsvall"]
[Date "2020.01.04"]
[Round "3"]
[White "Granath, Jonas"]
[Black "Hammarstrom, Ulf"]
[Result "0-1"]
[WhiteElo "1760"]
[BlackElo "2215"]
[PlyCount "51"]
[EventDate "2020.01.04"]
[EventType "swiss"]
[EventRounds "8"]
[EventCountry "SWE"]
[SourceTitle "CBM 194 Extra"]
[Source "ChessBase"]
[SourceDate "2020.03.31"]
[SourceVersion "1"]
[SourceVersionDate "2020.03.31"]
[SourceQuality "1"]

1. e4 c5 2. d4 cxd4 3. c3 dxc3 4. Nxc3 d6 5. Nf3 e6 6. Bc4 Be7 7. 0-0 Nf6 8. Qe2 0-0 9. Rd1 Ne8 10. Bf4 Nc6 11. Rac1 a6 12. a3 b5 13. Ba2 Bb7 14. e5 Qb8 15. exd6 Bxd6 16. Rxd6 Nxd6 17. Ne4 e5 18. Nxe5 Nxe5 19. Nxd6 Qxd6 20. Bxe5 Qg6 21. g3 Rae8 22. f4 Kh8 23. Bb1 Qb6+ 24. Kf1 Qe6 25. Qd3 Qh3+ 26. Kf2 0-1

[Event "Rilton Cup 48th"]
[Site "Stockholm"]
[Date "2018.12.31"]
[Round "5"]
[White "Luukkonen, Tommi"]
[Black "Hammarstrom, Ulf"]
[Result "1-0"]
[WhiteElo "2320"]
[BlackElo "2214"]
[PlyCount "67"]
[EventDate "2018.12.27"]
[EventType "swiss"]
[EventRounds "9"]
[EventCountry "SWE"]
[SourceTitle "CBM 188 Extra"]
[Source "ChessBase"]
[SourceDate "2019.02.26"]
[SourceVersion "1"]
[SourceVersionDate "2019.02.26"]
[SourceQuality "1"]

1. d4 Nf6 2. c4 e6 3. Nc3 Bb4 4. Qc2 0-0 5. a3 Bxc3+ 6. Qxc3 d5 7. Nf3 dxc4 8. Qxc4 b6 9. Bg5 Ba6 10. Qa4 Qd7 11. Qc2 c5 12. Rd1 Rc8 13. dxc5 Qe7 14. e3 Bxf1 15. Kxf1 Rxc5 16. Qa4 Nbd7 17. Ke2 e5 18. b4 Rc3 19. Rc1 Rxc1 20. Rxc1 a5 21. Rc6 Qe8 22. b5 Nc5 23. Qc4 Nfd7 24. Qd5 a4 25. Rc7 h6 26. Be7 Nf6 27. Qc6 Nd5 28. Qxd5 Qxb5+ 29. Kd1 Qb1+ 30. Kd2 Qb2+ 31. Ke1 Qc1+ 32. Ke2 Qb2+ 33. Nd2 Qb5+ 34. Nc4 1-0

[Event "Norrkoeping Easter op"]
[Site "Norrkoeping"]
[Date "2015.04.04"]
[Round "5"]
[White "Hammarstrom, Ulf"]
[Black "Miezis, Normunds"]
[Result "0-1"]
[WhiteElo "2174"]
[BlackElo "2496"]
[PlyCount "76"]
[EventDate "2015.04.03"]
[EventType "swiss"]
[EventRounds "8"]
[EventCountry "SWE"]
[SourceTitle "CBM 165 Extra"]
[Source "ChessBase"]
[SourceDate "2015.04.21"]
[SourceVersion "1"]
[SourceVersionDate "2015.04.21"]
[SourceQuality "1"]

1. Nf3 c5 2. c4 Nc6 3. Nc3 d6 4. g3 e5 5. Bg2 g6 6. 0-0 Bg7 7. e3 f5 8. d3 Nge7 9. Ne1 0-0 10. Nc2 Be6 11. Nd5 Bf7 12. Rb1 a5 13. a3 a4 14. Nxe7+ Qxe7 15. e4 Be6 16. exf5 gxf5 17. Ne3 Nd4 18. Nd5 Qd8 19. b4 axb3 20. Bb2 Nc2 21. Bc1 Ra7 22. Rxb3 Nd4 23. Rb1 Bd7 24. Nc3 Bc6 25. a4 f4 26. Bxc6 bxc6 27. f3 fxg3 28. hxg3 Raf7 29. f4 exf4 30. Bxf4 Be5 31. Qe1 Bxf4 32. gxf4 Rg7+ 33. Kh1 Qd7 34. Qh4 Nf5 35. Qh3 Ng3+ 36. Kh2 Nxf1+ 37. Rxf1 Qxh3+ 38. Kxh3 Rf6 0-1

[Event "Hallstahammar op"]
[Site "Hallstahammar"]
[Date "2004.09.11"]
[Round "5"]
[White "Hammarstrom, Ulf"]
[Black "Norberg, Johan"]
[Result "0-1"]
[WhiteElo "2079"]
[BlackElo "2286"]
[PlyCount "72"]
[EventDate "2004.09.10"]
[EventType "swiss"]
[EventRounds "8"]
[EventCountry "SWE"]
[SourceTitle "EXT 2005"]
[Source "ChessBase"]
[SourceDate "2004.11.15"]
[SourceVersion "1"]
[SourceVersionDate "2004.11.15"]
[SourceQuality "1"]

1. Nf3 g6 2. c4 Bg7 3. e4 d6 4. d4 Nd7 5. Nc3 e5 6. Be2 Ngf6 7. 0-0 0-0 8. Be3 Re8 9. Qc2 c6 10. d5 c5 11. Nd2 Qe7 12. a3 Nf8 13. b4 b6 14. bxc5 bxc5 15. Rab1 h6 16. Rb2 g5 17. Rfb1 Ng6 18. g3 Nf4 19. gxf4 exf4 20. Bxc5 dxc5 21. Nb5 Rb8 22. Rb3 g4 23. f3 a6 24. Nd4 Rxb3 25. N4xb3 g3 26. hxg3 fxg3 27. f4 Ng4 28. Bxg4 Qh4 29. Nf1 Qxg4 30. Qg2 Qxf4 31. Nxg3 Re5 32. Qf2 Qh4 33. Kg2 Rg5 34. Rh1 Qxe4+ 35. Qf3 Qc2+ 36. Kg1 Be5 0-1